Math Geeks #1: Trickie - Statistics

General Stats
  • This quiz has been taken 51 times
  • The average score is 6 of 7
Answer Stats
Hint Answer % Correct
Take any number from 1-10 Done
87%
Add 40 Done
84%
Multiply by 4 Done
84%
Divide by 2 Done
84%
Subtract 80 Done
82%
Subtract by the number you chose Done
79%
Your answer is: The number you chose
53%
No matching quizzes found
Score Distribution
Percent of People with Each Score
Percentile by Number Answered
Your Score History
You have not taken this quiz